000 00699nam a2200277 a 4500
003 AR-BaBNM
005 20251128205606.0
008 082120s2002 ||||||||||||||000 | spa||
020 _a950-04-1530-5
040 _cAR-BaBNM
100 1 _aCastillo, Abelardo
245 0 0 _aTeatro completo
250 _a1ª ed.
260 _aBuenos Aires
_bEmecé
_c1995
300 _a298 p.
490 0 _aEscritores argentinos. Novelas, cuentos y relatos
650 4 _aLITERATURA ARGENTINA
650 4 _aLITERATURA CONTEMPORANEA
650 4 _aTEATRO
650 4 _aVIDA LITERARIA
650 4 _aANTOLOGIAS
653 _aINFLUENCIA CLASICA
655 _aLITERATURA
942 _cBK
998 _cMARTIN
999 _c12038
_d12038